Sports Quiz

Random Sports Quiz

Bathurst 1000 Champions Quiz Stats

 Plays Quiz not verified by Sporcle

Score 0/99 Timer 12:00
0 Plays Today
Year Driver % Correct
1972Peter Brock
96.2%
1975Peter Brock
96.2%
1978Peter Brock
96.2%
1979Peter Brock
96.2%
1980Peter Brock
96.2%
1982Peter Brock
96.2%
1983Peter Brock
96.2%
1984Peter Brock
96.2%
1987Peter Brock
96.2%
1996Craig Lowndes
93.2%
2006Craig Lowndes
93.2%
2007Craig Lowndes
93.2%
2008Craig Lowndes
93.2%
1991Mark Skaife
91.7%
1992Mark Skaife
91.7%
2001Mark Skaife
91.7%
2002Mark Skaife
91.7%
2005Mark Skaife
91.7%
2010Mark Skaife
91.7%
2006Jamie Whincup
88%
2007Jamie Whincup
88%
2008Jamie Whincup
88%
1978Jim Richards
85.7%
1979Jim Richards
85.7%
1980Jim Richards
85.7%
1981Dick Johnson
85.7%
1989Dick Johnson
85.7%
1991Jim Richards
85.7%
1992Jim Richards
85.7%
1994Dick Johnson
85.7%
1998Jim Richards
85.7%
2002Jim Richards
85.7%
2010Craig Lowndes
85.7%
Year Driver % Correct
1998Steven Richards
85%
1999Steven Richards
85%
1970Allan Moffat
83.5%
1971Allan Moffat
83.5%
1973Allan MOffat
83.5%
1977Allan Moffat
83.5%
2000Garth Tander
82%
2009Garth Tander
82%
1983Larry Perkins
79.7%
1982Larry Perkins
79.7%
1984Larry Perkins
79.7%
1993Larry Perkins
79.7%
1995Larry Perkins
79.7%
1997Larry Perkins
79.7%
1996Greg Murphy
78.9%
1999Greg Murphy
78.9%
2003Greg Murphy
78.9%
2004Greg Murphy
78.9%
2003Rick Kelly
78.2%
2004Rick Kelly
78.2%
2005Todd Kelly
78.2%
1995Russell Ingall
73.7%
1997Russell Ingall
73.7%
1989John Bowe
72.9%
1994John Bowe
72.9%
1963Bob Jane
64.7%
1964Bob Jane
64.7%
2000Jason Bargwanna
64.7%
2009Will Davison
63.2%
1988Tony Longhurst
62.4%
2001Tony Longhurst
62.4%
1986Allan Grice
60.2%
1990Allan Grice
60.2%
Year Driver % Correct
1969Colin Bond
59.4%
1998Jason Bright
57.9%
1990Win Percy
56.4%
1965Barry Seton
54.1%
1976Bob Morris
54.1%
1997David Brabham
51.9%
1974John Goss
51.1%
1985John Goss
51.1%
1997Geoff Brabham
49.6%
1998Rickard Rydell
48.1%
1988Tomas Mezera
47.4%
1963Harry Firth
46.6%
1967Harry Firth
46.6%
1977Jacky Ickx
46.6%
1993Gregg Hansford
46.6%
1974Kevin Bartlett
45.1%
1981John French
45.1%
1983John Harvey
45.1%
1987David Parsons
42.9%
1973Ian Geoghegan
42.1%
1967Fred Gibson
40.6%
1986Graeme Bailey
39.1%
1975Brian Sampson
38.3%
1966Bob Holden
36.8%
1976John Fitzpatrick
36.1%
1968Bruce McPhee
35.3%
1985Armin Hahne
35.3%
1987Peter McLeod
35.3%
1968Marry Mulholland
30.8%
1966Rauno Aaltonen
29.3%
1969Tony Roberts
28.6%
1964George Reynolds
26.3%
1965Midge Bosworth
24.1%

You're not logged in!

Compare scores with friends on all Sporcle quizzes.
OR
Log In

Show Comments

Extras

Top Quizzes Today


Score Distribution

Your Account Isn't Verified!

In order to create a playlist on Sporcle, you need to verify the email address you used during registration. Go to your Sporcle Settings to finish the process.

Report this User

Report this user for behavior that violates our Community Guidelines.

Details: